[Event "Turniej Przyjazni Polsko-Wegierskiej"]
[Site "Katowice"]
[Date "2018.05.05"]
[Round "9.1"]
[White "Teclaf, Pawel"]
[Black "Piorun, Kacper"]
[Result "0-1"]
[BlackElo "2639"]
[WhiteElo "2241"]
[LiveChessVersion "1.4.8"]

1. e4 {[%clk 0:15:19]} c6 {[%clk 0:15:19]} 2. d4 {[%clk 0:15:24]} d5
{[%clk 0:15:28]} 3. exd5 {[%clk 0:15:33]} cxd5 {[%clk 0:15:37]} 4. c4
{[%clk 0:15:42]} Nf6 {[%clk 0:15:44]} 5. Nc3 {[%clk 0:15:51]} Nc6
{[%clk 0:15:52]} 6. Nf3 {[%clk 0:15:34]} Be6 {[%clk 0:16:00]} 7. cxd5
{[%clk 0:13:06]} Bxd5 {[%clk 0:15:57]} 8. Nxd5 {[%clk 0:13:01]} Qxd5
{[%clk 0:16:05]} 9. Be2 {[%clk 0:12:12]} e6 {[%clk 0:15:48]} 10. O-O
{[%clk 0:11:37]} Be7 {[%clk 0:15:19]} 11. Be3 {[%clk 0:09:51]} O-O
{[%clk 0:15:26]} 12. a3 {[%clk 0:09:02]} Rfd8 {[%clk 0:15:26]} 13. Rc1
{[%clk 0:09:04]} a6 {[%clk 0:14:17]} 14. Bc4 {[%clk 0:08:25]} Qd6
{[%clk 0:14:20]} 15. Qe2 {[%clk 0:08:24]} Nd5 {[%clk 0:14:23]} 16. Rfd1
{[%clk 0:08:15]} Bf6 {[%clk 0:14:13]} 17. Bg5 {[%clk 0:07:30]} Bxg5
{[%clk 0:13:17]} 18. Nxg5 {[%clk 0:07:38]} Qf4 {[%clk 0:12:18]} 19. Nf3
{[%clk 0:07:18]} Nde7 {[%clk 0:12:19]} 20. Qe3 {[%clk 0:07:09]} Qf6
{[%clk 0:12:06]} 21. Qe4 {[%clk 0:06:53]} Rd6 {[%clk 0:07:38]} 22. Rd2
{[%clk 0:06:19]} Rad8 {[%clk 0:07:38]} 23. Rcd1 {[%clk 0:06:25]} g6
{[%clk 0:07:20]} 24. b4 {[%clk 0:05:55]} Nd5 {[%clk 0:06:54]} 25. Rd3
{[%clk 0:04:42]} b5 {[%clk 0:06:27]} 26. Bxd5 {[%clk 0:04:10]} Rxd5
{[%clk 0:06:35]} 27. g3 {[%clk 0:04:08]} R8d6 {[%clk 0:06:05]} 28. Kg2
{[%clk 0:03:19]} Qd8 {[%clk 0:06:10]} 29. R1d2 {[%clk 0:03:29]} Kg7
{[%clk 0:06:02]} 30. h4 {[%clk 0:03:14]} h6 {[%clk 0:05:43]} 31. Qe2
{[%clk 0:02:57]} Qf6 {[%clk 0:05:31]} 32. Qe4 {[%clk 0:02:59]} Rd8
{[%clk 0:04:51]} 33. Qe3 {[%clk 0:02:38]} Ne7 {[%clk 0:04:53]} 34. Qe4
{[%clk 0:02:17]} Nf5 {[%clk 0:04:59]} 35. Rd1 {[%clk 0:02:11]} Nd6
{[%clk 0:04:28]} 36. Qe2 {[%clk 0:02:12]} Nc4 {[%clk 0:04:37]} 37. Kg1
{[%clk 0:01:30]} Qf5 {[%clk 0:04:37]} 38. Nd2 {[%clk 0:00:47]} Ne5
{[%clk 0:02:48]} 39. Re3 {[%clk 0:00:41]} Nc6 {[%clk 0:02:25]} 40. Nb3
{[%clk 0:00:30]} Nxd4 {[%clk 0:02:17]} 41. Nxd4 {[%clk 0:00:37]} Rxd4
{[%clk 0:02:25]} 42. Rc1 {[%clk 0:00:30]} Rd2 {[%clk 0:02:26]} 43. Qe1
{[%clk 0:00:39]} R8d3 {[%clk 0:01:51]} 44. Rxd3 {[%clk 0:00:34]} Rxd3
{[%clk 0:01:56]} 45. Rc8 {[%clk 0:00:30]} Qd5 {[%clk 0:01:32]} 46. Qa1+
{[%clk 0:00:25]} e5 {[%clk 0:01:40]} 47. Rc1 {[%clk 0:00:34]} Qd4
{[%clk 0:01:43]} 48. Kf1 {[%clk 0:00:23]} Qxa1 {[%clk 0:01:32]} 49. Rxa1
{[%clk 0:00:32]} Rb3 {[%clk 0:01:40]} 50. Ke2 {[%clk 0:00:31]} Kf6
{[%clk 0:01:49]} 51. Ra2 {[%clk 0:00:34]} Ke6 {[%clk 0:01:55]} 52. Ra1
{[%clk 0:00:41]} g5 {[%clk 0:01:40]} 53. h5 {[%clk 0:00:40]} Kf5 {[%clk 0:01:44]}
54. a4 {[%clk 0:00:16]} Rxb4 {[%clk 0:01:48]} 55. axb5 {[%clk 0:00:25]} axb5
{[%clk 0:01:56]} 56. Ra7 {[%clk 0:00:33]} Kf6 {[%clk 0:01:50]} 57. Ra6+
{[%clk 0:00:41]} Kg7 {[%clk 0:01:58]} 58. Rb6 {[%clk 0:00:47]} Rb1
{[%clk 0:01:55]} 59. Kf3 {[%clk 0:00:52]} Rb4 {[%clk 0:01:21]} 60. Ke2
{[%clk 0:00:54]} Rb3 {[%clk 0:01:26]} 61. Rb8 {[%clk 0:00:53]} Rb2+
{[%clk 0:01:04]} 62. Ke3 {[%clk 0:00:51]} b4 {[%clk 0:01:00]} 63. Rb5
{[%clk 0:01:00]} Rb1 {[%clk 0:00:47]} 64. Ke2 {[%clk 0:01:09]} b3
{[%clk 0:00:48]} 65. Rxe5 {[%clk 0:01:18]} b2 {[%clk 0:00:53]} 66. Rb5
{[%clk 0:01:27]} g4 {[%clk 0:00:50]} 67. Rb6 {[%clk 0:01:22]} f5 {[%clk 0:00:30]}
68. Rg6+ {[%clk 0:01:20]} Kf7 {[%clk 0:00:38]} 69. Rb6 {[%clk 0:01:29]} f4
{[%clk 0:00:29]} 70. Rb7+ {[%clk 0:01:25]} Ke6 {[%clk 0:00:31]} 71. Rb6+
{[%clk 0:00:55]} Kd5 {[%clk 0:00:39]} 72. gxf4 {[%clk 0:00:35]} g3
{[%clk 0:00:47]} 0-1

[Event "Turniej Przyjazni Polsko-Wegierskiej"]
[Site "Katowice"]
[Date "2018.05.05"]
[Round "9.2"]
[White "Hnydiuk, Aleksander"]
[Black "Klekowski, Maciej"]
[Result "1/2-1/2"]
[BlackElo "2536"]
[WhiteElo "2408"]
[LiveChessVersion "1.4.8"]

1. Nf3 {[%clk 0:15:17]} Nf6 {[%clk 0:15:19]} 2. c4 {[%clk 0:15:25]} e6
{[%clk 0:15:24]} 3. g3 {[%clk 0:15:31]} b6 {[%clk 0:15:33]} 4. Bg2
{[%clk 0:15:39]} Bb7 {[%clk 0:15:42]} 5. O-O {[%clk 0:15:47]} Be7
{[%clk 0:15:51]} 6. Nc3 {[%clk 0:15:55]} O-O {[%clk 0:15:58]} 7. Re1
{[%clk 0:16:03]} d5 {[%clk 0:16:05]} 8. cxd5 {[%clk 0:16:11]} exd5
{[%clk 0:16:12]} 9. d4 {[%clk 0:16:19]} Nbd7 {[%clk 0:15:30]} 10. Bf4
{[%clk 0:16:25]} a6 {[%clk 0:14:21]} 11. Rc1 {[%clk 0:14:36]} Re8
{[%clk 0:10:52]} 12. Ne5 {[%clk 0:13:17]} Bd6 {[%clk 0:10:53]} 13. Nxd7
{[%clk 0:12:45]} Qxd7 {[%clk 0:11:00]} 14. Bxd6 {[%clk 0:12:51]} Qxd6
{[%clk 0:11:08]} 15. Qd2 {[%clk 0:11:54]} Re7 {[%clk 0:10:58]} 16. Qf4
{[%clk 0:11:42]} Qd7 {[%clk 0:09:32]} 17. Rc2 {[%clk 0:11:26]} Rae8
{[%clk 0:08:03]} 18. Rec1 {[%clk 0:10:58]} h6 {[%clk 0:08:04]} 19. Bf3
{[%clk 0:10:30]} a5 {[%clk 0:06:53]} 20. Nd1 {[%clk 0:08:52]} c6 {[%clk 0:06:24]}
21. Ne3 {[%clk 0:09:00]} Qe6 {[%clk 0:03:15]} 22. Nf5 {[%clk 0:05:58]} Rd7
{[%clk 0:03:16]} 23. g4 {[%clk 0:05:31]} Ne4 {[%clk 0:02:43]} 24. h4
{[%clk 0:04:41]} Qf6 {[%clk 0:01:19]} 25. e3 {[%clk 0:02:34]} Kh7
{[%clk 0:00:46]} 26. Be2 {[%clk 0:02:04]} g6 {[%clk 0:00:44]} 27. Ng3
{[%clk 0:00:24]} Qxh4 {[%clk 0:00:37]} 28. Nxe4 {[%clk 0:00:18]} Rxe4
{[%clk 0:00:43]} 29. Qb8 {[%clk 0:00:24]} Qd8 {[%clk 0:00:30]} 30. Qxd8
{[%clk 0:00:24]} Rxd8 {[%clk 0:00:39]} 31. Kg2 {[%clk 0:00:28]} Kg7
{[%clk 0:00:45]} 32. Kg3 {[%clk 0:00:36]} Re6 {[%clk 0:00:45]} 33. Bd3
{[%clk 0:00:35]} Rh8 {[%clk 0:00:51]} 34. Be2 {[%clk 0:00:27]} Ree8
{[%clk 0:00:29]} 35. b4 {[%clk 0:00:15]} axb4 {[%clk 0:00:30]} 36. Rb1
{[%clk 0:00:21]} Ra8 {[%clk 0:00:25]} 37. Rxb4 {[%clk 0:00:29]} b5
{[%clk 0:00:35]} 38. Rcb2 {[%clk 0:00:22]} Bc8 {[%clk 0:00:23]} 39. Bd1
{[%clk 0:00:24]} Bd7 {[%clk 0:00:19]} 40. a4 {[%clk 0:00:23]} bxa4
{[%clk 0:00:27]} 41. Rxa4 {[%clk 0:00:28]} Rxa4 {[%clk 0:00:32]} 42. Bxa4
{[%clk 0:00:36]} Ra8 {[%clk 0:00:40]} 43. Bc2 {[%clk 0:00:20]} Kf6
{[%clk 0:00:40]} 44. Bd3 {[%clk 0:00:20]} Ke7 {[%clk 0:00:42]} 45. Rb1
{[%clk 0:00:24]} Rh8 {[%clk 0:00:35]} 46. Rh1 {[%clk 0:00:32]} Kf6
{[%clk 0:00:28]} 47. Kf4 {[%clk 0:00:40]} g5+ {[%clk 0:00:24]} 48. Kg3
{[%clk 0:00:48]} Kg7 {[%clk 0:00:30]} 49. Ra1 {[%clk 0:00:42]} h5
{[%clk 0:00:34]} 50. gxh5 {[%clk 0:00:49]} Rxh5 {[%clk 0:00:42]} 51. Ra7
{[%clk 0:00:58]} Be6 {[%clk 0:00:16]} 52. Rc7 {[%clk 0:00:49]} Rh3+
{[%clk 0:00:25]} 53. Kg2 {[%clk 0:00:58]} Rh6 {[%clk 0:00:34]} 54. Kg3
{[%clk 0:00:45]} Bh3 {[%clk 0:00:29]} 55. f3 {[%clk 0:00:37]} Kf8
{[%clk 0:00:31]} 56. Ra7 {[%clk 0:00:15]} Ke8 {[%clk 0:00:30]} 57. Ra8+
{[%clk 0:00:20]} Ke7 {[%clk 0:00:39]} 58. Rg8 {[%clk 0:00:28]} Kf6
{[%clk 0:00:42]} 59. e4 {[%clk 0:00:27]} dxe4 {[%clk 0:00:50]} 60. fxe4
{[%clk 0:00:36]} Be6 {[%clk 0:00:58]} 61. e5+ {[%clk 0:00:28]} Ke7
{[%clk 0:01:07]} 62. Be4 {[%clk 0:00:25]} f5 {[%clk 0:00:20]} 63. exf6+
{[%clk 0:00:34]} Kxf6 {[%clk 0:00:29]} 64. Rb8 {[%clk 0:00:21]} Rh3+
{[%clk 0:00:19]} 65. Kg2 {[%clk 0:00:25]} Rc3 {[%clk 0:00:16]} 66. Rb6
{[%clk 0:00:31]} Rc4 {[%clk 0:00:15]} 67. d5 {[%clk 0:00:13]} Rxe4
{[%clk 0:00:24]} 68. Rxc6 {[%clk 0:00:22]} Kf5 {[%clk 0:00:33]} 69. dxe6
{[%clk 0:00:24]} Kf4 {[%clk 0:00:23]} 70. Kf2 {[%clk 0:00:28]} Re5
{[%clk 0:00:26]} 71. Rc4+ {[%clk 0:00:27]} Kf5 {[%clk 0:00:35]} 72. Rc6
{[%clk 0:00:36]} Kg4 {[%clk 0:00:38]} 73. Rc4+ {[%clk 0:00:39]} Kh3
{[%clk 0:00:37]} 74. Rc3+ {[%clk 0:00:45]} Kh4 {[%clk 0:00:45]} 75. Re3
{[%clk 0:00:50]} Rf5+ {[%clk 0:00:51]} 76. Kg2 {[%clk 0:00:24]} Rf8
{[%clk 0:00:58]} 77. e7 {[%clk 0:00:33]} Re8 {[%clk 0:01:06]} 78. Kf3
{[%clk 0:00:24]} Kh5 {[%clk 0:01:15]} 79. Re6 {[%clk 0:00:30]} g4+
{[%clk 0:01:19]} 80. Kf4 {[%clk 0:00:39]} g3 {[%clk 0:01:28]} 81. Kf5
{[%clk 0:00:20]} g2 {[%clk 0:01:34]} 82. Re1 {[%clk 0:00:26]} Kh4
{[%clk 0:01:26]} 83. Kf6 {[%clk 0:00:28]} Kg3 {[%clk 0:01:31]} 1/2-1/2

[Event "Turniej Przyjazni Polsko-Wegierskiej"]
[Site "Katowice"]
[Date "2018.05.05"]
[Round "9.3"]
[White "Socko, Bartosz"]
[Black "Janik, Igor"]
[Result "1-0"]
[BlackElo "2356"]
[WhiteElo "2630"]
[LiveChessVersion "1.4.8"]

1. d4 {[%clk 0:15:18]} Nf6 {[%clk 0:14:47]} 2. c4 {[%clk 0:15:27]} b6
{[%clk 0:14:56]} 3. Nc3 {[%clk 0:15:15]} Bb7 {[%clk 0:15:05]} 4. Bg5
{[%clk 0:15:04]} h6 {[%clk 0:14:16]} 5. Bxf6 {[%clk 0:15:06]} exf6
{[%clk 0:14:25]} 6. Nf3 {[%clk 0:14:40]} f5 {[%clk 0:14:03]} 7. e3
{[%clk 0:14:49]} g6 {[%clk 0:14:12]} 8. Be2 {[%clk 0:14:32]} Bg7 {[%clk 0:14:20]}
9. Qc2 {[%clk 0:14:28]} O-O {[%clk 0:14:22]} 10. h3 {[%clk 0:14:31]} Re8
{[%clk 0:13:45]} 11. O-O-O {[%clk 0:14:38]} Nc6 {[%clk 0:13:53]} 12. g4
{[%clk 0:14:12]} fxg4 {[%clk 0:13:17]} 13. hxg4 {[%clk 0:14:20]} a6
{[%clk 0:13:18]} 14. d5 {[%clk 0:13:37]} Nb4 {[%clk 0:12:51]} 15. Qd2
{[%clk 0:12:34]} a5 {[%clk 0:12:58]} 16. Nd4 {[%clk 0:12:40]} c6 {[%clk 0:12:26]}
17. a3 {[%clk 0:11:45]} Na6 {[%clk 0:11:29]} 18. Bf3 {[%clk 0:11:50]} Nc5
{[%clk 0:11:19]} 19. Qc2 {[%clk 0:11:39]} Qf6 {[%clk 0:11:03]} 20. Kb1
{[%clk 0:11:09]} a4 {[%clk 0:10:35]} 21. Bg2 {[%clk 0:10:16]} Rec8
{[%clk 0:10:10]} 22. f4 {[%clk 0:09:58]} Ba6 {[%clk 0:09:58]} 23. g5
{[%clk 0:08:16]} hxg5 {[%clk 0:09:40]} 24. fxg5 {[%clk 0:08:25]} Qxg5
{[%clk 0:09:35]} 25. dxc6 {[%clk 0:08:33]} dxc6 {[%clk 0:09:36]} 26. Bxc6
{[%clk 0:08:22]} Ra7 {[%clk 0:08:23]} 27. Bd5 {[%clk 0:08:12]} Qxe3
{[%clk 0:07:32]} 28. Qxg6 {[%clk 0:07:56]} Kf8 {[%clk 0:07:28]} 29. Qxg7+
{[%clk 0:07:40]} 1-0

[Event "Turniej Przyjazni Polsko-Wegierskiej"]
[Site "Katowice"]
[Date "2018.05.05"]
[Round "9.4"]
[White "Kazakov, Mikhail"]
[Black "Omelja, Artem"]
[Result "1-0"]
[BlackElo "2483"]
[WhiteElo "2382"]
[LiveChessVersion "1.4.8"]

1. d4 {[%clk 0:15:16]} f5 {[%clk 0:15:18]} 2. e4 {[%clk 0:15:14]} fxe4
{[%clk 0:15:24]} 3. Nc3 {[%clk 0:15:18]} Nf6 {[%clk 0:15:28]} 4. Bg5
{[%clk 0:15:23]} Nc6 {[%clk 0:15:21]} 5. d5 {[%clk 0:14:47]} Ne5 {[%clk 0:15:26]}
6. Qe2 {[%clk 0:14:46]} d6 {[%clk 0:15:08]} 7. O-O-O {[%clk 0:13:20]} Bg4
{[%clk 0:14:14]} 8. f3 {[%clk 0:13:22]} exf3 {[%clk 0:14:13]} 9. gxf3
{[%clk 0:13:24]} Bd7 {[%clk 0:14:09]} 10. Bh3 {[%clk 0:12:59]} Nf7
{[%clk 0:13:45]} 11. f4 {[%clk 0:12:39]} h6 {[%clk 0:13:28]} 12. Bxf6
{[%clk 0:12:38]} gxf6 {[%clk 0:13:35]} 13. Qh5 {[%clk 0:11:47]} Bxh3
{[%clk 0:13:32]} 14. Nxh3 {[%clk 0:11:48]} Qd7 {[%clk 0:13:31]} 15. f5
{[%clk 0:11:21]} Rh7 {[%clk 0:13:29]} 16. Nf4 {[%clk 0:10:35]} O-O-O
{[%clk 0:13:29]} 17. Ne6 {[%clk 0:10:36]} Ne5 {[%clk 0:13:00]} 18. Nxd8
{[%clk 0:09:55]} Kxd8 {[%clk 0:13:02]} 19. Ne2 {[%clk 0:09:15]} Qe8
{[%clk 0:13:04]} 20. Nf4 {[%clk 0:09:00]} Qxh5 {[%clk 0:12:53]} 21. Nxh5
{[%clk 0:09:09]} Ke8 {[%clk 0:12:42]} 22. Rhg1 {[%clk 0:09:12]} Kf7
{[%clk 0:12:46]} 23. Rg3 {[%clk 0:09:16]} Rh8 {[%clk 0:12:23]} 24. Rdg1
{[%clk 0:08:20]} 1-0

[Event "Turniej Przyjazni Polsko-Wegierskiej"]
[Site "Katowice"]
[Date "2018.05.05"]
[Round "9.5"]
[White "Pakleza, Zbigniew"]
[Black "Lewicki, Miroslaw"]
[Result "1-0"]
[BlackElo "2294"]
[WhiteElo "2549"]
[LiveChessVersion "1.4.8"]

1. d4 {[%clk 0:15:19]} Nf6 {[%clk 0:15:19]} 2. Bf4 {[%clk 0:15:28]} e6
{[%clk 0:15:23]} 3. e3 {[%clk 0:15:36]} b6 {[%clk 0:15:28]} 4. Nf3
{[%clk 0:15:42]} Bb7 {[%clk 0:15:36]} 5. h3 {[%clk 0:15:50]} Be7 {[%clk 0:15:37]}
6. Bd3 {[%clk 0:15:57]} c5 {[%clk 0:15:32]} 7. c3 {[%clk 0:16:06]} O-O
{[%clk 0:15:37]} 8. Nbd2 {[%clk 0:16:14]} d5 {[%clk 0:15:44]} 9. O-O
{[%clk 0:16:12]} Nbd7 {[%clk 0:15:46]} 10. Qe2 {[%clk 0:16:01]} Ne4
{[%clk 0:15:49]} 11. Bh2 {[%clk 0:16:07]} h6 {[%clk 0:15:35]} 12. Rad1
{[%clk 0:16:06]} a5 {[%clk 0:15:36]} 13. Bb5 {[%clk 0:15:55]} Ndf6
{[%clk 0:14:52]} 14. Ne5 {[%clk 0:15:53]} Qc8 {[%clk 0:14:36]} 15. Nxe4
{[%clk 0:15:49]} dxe4 {[%clk 0:14:43]} 16. dxc5 {[%clk 0:14:24]} Bxc5
{[%clk 0:13:40]} 17. Nd7 {[%clk 0:12:54]} Nxd7 {[%clk 0:13:49]} 18. Rxd7
{[%clk 0:13:02]} Bc6 {[%clk 0:13:05]} 19. Bxc6 {[%clk 0:11:50]} Qxc6
{[%clk 0:13:13]} 20. Rfd1 {[%clk 0:11:59]} Rac8 {[%clk 0:12:24]} 21. Qg4
{[%clk 0:09:18]} Rfe8 {[%clk 0:11:01]} 22. Bf4 {[%clk 0:07:01]} e5
{[%clk 0:11:09]} 23. Bg3 {[%clk 0:07:10]} g6 {[%clk 0:09:08]} 24. R1d5
{[%clk 0:04:31]} Bf8 {[%clk 0:06:17]} 25. Qxe4 {[%clk 0:04:24]} Bg7
{[%clk 0:06:10]} 26. R7d6 {[%clk 0:03:39]} Qb7 {[%clk 0:06:05]} 27. Qf3
{[%clk 0:03:22]} e4 {[%clk 0:05:58]} 28. Qe2 {[%clk 0:03:14]} Bf8
{[%clk 0:04:59]} 29. Rd7 {[%clk 0:03:14]} Qc6 {[%clk 0:05:05]} 30. Qb5
{[%clk 0:03:08]} Qe6 {[%clk 0:04:56]} 31. a4 {[%clk 0:02:53]} Rc6
{[%clk 0:03:29]} 32. Rb7 {[%clk 0:02:05]} Rc5 {[%clk 0:02:05]} 33. Rxc5
{[%clk 0:02:05]} bxc5 {[%clk 0:01:35]} 34. Qd7 {[%clk 0:01:56]} Qxd7
{[%clk 0:01:12]} 35. Rxd7 {[%clk 0:02:05]} c4 {[%clk 0:01:21]} 36. Rd5
{[%clk 0:01:50]} Ra8 {[%clk 0:01:19]} 37. Kf1 {[%clk 0:01:59]} f5
{[%clk 0:00:58]} 38. Bc7 {[%clk 0:01:46]} Ra7 {[%clk 0:00:28]} 39. Bb6
{[%clk 0:01:53]} Ra6 {[%clk 0:00:32]} 40. Rb5 {[%clk 0:01:32]} Kf7
{[%clk 0:00:32]} 41. Ke2 {[%clk 0:01:34]} Ke6 {[%clk 0:00:17]} 42. Bd4
{[%clk 0:01:37]} Ra8 {[%clk 0:00:12]} 43. Rb6+ {[%clk 0:01:43]} Kf7
{[%clk 0:00:21]} 44. Rf6+ {[%clk 0:01:33]} Ke8 {[%clk 0:00:26]} 45. Rxg6
{[%clk 0:01:40]} Kd7 {[%clk 0:00:34]} 46. Kd2 {[%clk 0:01:34]} Rb8
{[%clk 0:00:34]} 47. Kc2 {[%clk 0:01:33]} Ra8 {[%clk 0:00:33]} 48. Rf6
{[%clk 0:01:36]} 1-0

[Event "Turniej Przyjazni Polsko-Wegierskiej"]
[Site "Katowice"]
[Date "2018.05.05"]
[Round "9.6"]
[White "Lewtak, Damian"]
[Black "Mista, Aleksander"]
[Result "1/2-1/2"]
[BlackElo "2548"]
[WhiteElo "2285"]
[LiveChessVersion "1.4.8"]

1. e4 {[%clk 0:15:18]} c5 {[%clk 0:15:19]} 2. Nc3 {[%clk 0:15:27]} e6
{[%clk 0:15:22]} 3. Nf3 {[%clk 0:15:34]} d6 {[%clk 0:15:31]} 4. Bb5+
{[%clk 0:14:54]} Bd7 {[%clk 0:15:25]} 5. Bxd7+ {[%clk 0:14:41]} Qxd7
{[%clk 0:15:21]} 6. d4 {[%clk 0:14:40]} cxd4 {[%clk 0:15:30]} 7. Nxd4
{[%clk 0:14:47]} Nf6 {[%clk 0:15:35]} 8. O-O {[%clk 0:14:43]} Nc6
{[%clk 0:15:31]} 9. Re1 {[%clk 0:13:38]} Be7 {[%clk 0:15:30]} 10. Nf3
{[%clk 0:13:05]} O-O {[%clk 0:15:17]} 11. Bf4 {[%clk 0:13:13]} Rfd8
{[%clk 0:14:46]} 12. Qe2 {[%clk 0:12:54]} a6 {[%clk 0:12:52]} 13. Rad1
{[%clk 0:13:00]} Qe8 {[%clk 0:12:43]} 14. Rd2 {[%clk 0:12:43]} Ng4
{[%clk 0:11:08]} 15. Red1 {[%clk 0:12:27]} Nge5 {[%clk 0:11:16]} 16. Nxe5
{[%clk 0:10:03]} dxe5 {[%clk 0:11:24]} 17. Be3 {[%clk 0:10:12]} b5
{[%clk 0:11:18]} 18. g3 {[%clk 0:10:01]} Na5 {[%clk 0:10:15]} 19. Rxd8
{[%clk 0:09:24]} Rxd8 {[%clk 0:10:22]} 20. Rxd8 {[%clk 0:08:41]} Qxd8
{[%clk 0:10:31]} 21. b3 {[%clk 0:08:19]} Qc7 {[%clk 0:09:36]} 22. Nb1
{[%clk 0:06:46]} h6 {[%clk 0:09:15]} 23. Qd3 {[%clk 0:04:56]} Nb7
{[%clk 0:08:56]} 24. Qc3 {[%clk 0:04:25]} Qxc3 {[%clk 0:06:25]} 25. Nxc3
{[%clk 0:04:32]} Bb4 {[%clk 0:06:33]} 26. Nb1 {[%clk 0:04:17]} Nd6
{[%clk 0:06:11]} 27. c3 {[%clk 0:02:39]} Ba5 {[%clk 0:06:20]} 28. b4
{[%clk 0:02:45]} Bd8 {[%clk 0:06:20]} 29. Nd2 {[%clk 0:02:38]} f5
{[%clk 0:06:26]} 30. f3 {[%clk 0:02:45]} Kf7 {[%clk 0:06:18]} 31. Kf1
{[%clk 0:02:48]} Ke8 {[%clk 0:06:09]} 32. Ke2 {[%clk 0:02:49]} Kd7
{[%clk 0:06:10]} 33. Kd3 {[%clk 0:02:57]} a5 {[%clk 0:05:00]} 34. bxa5
{[%clk 0:02:00]} Bxa5 {[%clk 0:05:08]} 35. Bc5 {[%clk 0:02:07]} Nf7
{[%clk 0:04:25]} 36. Nb3 {[%clk 0:02:08]} Bd8 {[%clk 0:03:28]} 37. Bf8
{[%clk 0:02:10]} Ng5 {[%clk 0:02:57]} 38. h4 {[%clk 0:02:17]} Nxf3
{[%clk 0:02:45]} 39. Nc5+ {[%clk 0:02:11]} Ke8 {[%clk 0:02:36]} 40. Bxg7
{[%clk 0:02:16]} f4 {[%clk 0:01:35]} 41. gxf4 {[%clk 0:02:23]} exf4
{[%clk 0:01:40]} 42. Nxe6 {[%clk 0:01:54]} Bxh4 {[%clk 0:01:20]} 43. Nxf4
{[%clk 0:02:02]} Bg5 {[%clk 0:01:25]} 44. Ne6 {[%clk 0:01:44]} Kf7
{[%clk 0:01:11]} 45. Nxg5+ {[%clk 0:01:52]} hxg5 {[%clk 0:01:19]} 46. Bd4
{[%clk 0:01:58]} Ke6 {[%clk 0:01:14]} 47. Bf2 {[%clk 0:02:03]} g4
{[%clk 0:00:59]} 48. Ke3 {[%clk 0:01:44]} Ne5 {[%clk 0:01:07]} 49. Kd4
{[%clk 0:01:16]} Nd7 {[%clk 0:00:36]} 50. Bg3 {[%clk 0:00:50]} Nf6
{[%clk 0:00:45]} 51. Bh4 {[%clk 0:00:39]} Nh5 {[%clk 0:00:48]} 52. c4
{[%clk 0:00:30]} bxc4 {[%clk 0:00:49]} 53. Kxc4 {[%clk 0:00:39]} Ke5
{[%clk 0:00:43]} 54. a4 {[%clk 0:00:44]} g3 {[%clk 0:00:50]} 55. a5
{[%clk 0:00:28]} g2 {[%clk 0:00:57]} 56. Bf2 {[%clk 0:00:36]} Kd6
{[%clk 0:00:34]} 57. a6 {[%clk 0:00:34]} Kc6 {[%clk 0:00:37]} 58. e5
{[%clk 0:00:19]} Nf4 {[%clk 0:00:38]} 59. Kd4 {[%clk 0:00:16]} Nh3
{[%clk 0:00:28]} 60. Be3 {[%clk 0:00:24]} g1=Q {[%clk 0:00:36]} 61. Bxg1
{[%clk 0:00:33]} Nxg1 {[%clk 0:00:45]} 62. Ke4 {[%clk 0:00:33]} Ne2
{[%clk 0:00:40]} 63. e6 {[%clk 0:00:33]} Nc3+ {[%clk 0:00:48]} 64. Ke5
{[%clk 0:00:42]} Nd5 {[%clk 0:00:39]} 65. a7 {[%clk 0:00:20]} Nc7
{[%clk 0:00:47]} 66. Kf6 {[%clk 0:00:11]} Kb7 {[%clk 0:00:48]} 1/2-1/2

[Event "Turniej Przyjazni Polsko-Wegierskiej"]
[Site "Katowice"]
[Date "2018.05.05"]
[Round "9.7"]
[White "Krasenkow, Michal"]
[Black "Kyc, Jerzy"]
[Result "1-0"]
[BlackElo "2267"]
[WhiteElo "2546"]
[LiveChessVersion "1.4.8"]

1. d4 {[%clk 0:15:10]} Nf6 {[%clk 0:15:10]} 2. c4 {[%clk 0:15:10]} g6
{[%clk 0:15:10]} 3. Nc3 {[%clk 0:15:10]} d5 {[%clk 0:15:10]} 4. cxd5
{[%clk 0:15:10]} Nxd5 {[%clk 0:15:10]} 5. e4 {[%clk 0:15:10]} Nxc3
{[%clk 0:15:10]} 6. bxc3 {[%clk 0:15:10]} Bg7 {[%clk 0:15:10]} 7. Bg5
{[%clk 0:15:10]} c5 {[%clk 0:15:10]} 8. Rc1 {[%clk 0:15:10]} cxd4
{[%clk 0:14:37]} 9. cxd4 {[%clk 0:15:19]} O-O {[%clk 0:14:25]} 10. d5
{[%clk 0:15:27]} b6 {[%clk 0:13:17]} 11. Nf3 {[%clk 0:15:21]} Qd6
{[%clk 0:10:44]} 12. Be2 {[%clk 0:14:51]} Qb4+ {[%clk 0:09:05]} 13. Nd2
{[%clk 0:14:36]} Ba6 {[%clk 0:07:33]} 14. O-O {[%clk 0:12:33]} Bxe2
{[%clk 0:07:07]} 15. Qxe2 {[%clk 0:12:42]} Nd7 {[%clk 0:07:08]} 16. Rc4
{[%clk 0:12:09]} Qb5 {[%clk 0:05:39]} 17. Qe3 {[%clk 0:12:15]} Bf6
{[%clk 0:05:06]} 18. Bxf6 {[%clk 0:12:06]} Nxf6 {[%clk 0:05:13]} 19. Rfc1
{[%clk 0:10:32]} Rfd8 {[%clk 0:04:27]} 20. Nf3 {[%clk 0:09:59]} Qa6
{[%clk 0:04:07]} 21. e5 {[%clk 0:08:16]} Nd7 {[%clk 0:01:47]} 22. e6
{[%clk 0:08:21]} Nf6 {[%clk 0:01:26]} 23. exf7+ {[%clk 0:08:04]} Kf8
{[%clk 0:01:33]} 24. Ne5 {[%clk 0:06:58]} Kg7 {[%clk 0:01:17]} 25. Rh4
{[%clk 0:06:57]} h5 {[%clk 0:00:54]} 26. Qg5 {[%clk 0:07:04]} 1-0

[Event "Turniej Przyjazni Polsko-Wegierskiej"]
[Site "Katowice"]
[Date "2018.05.05"]
[Round "9.8"]
[White "Zylka, Stanislaw"]
[Black "Razin, Vadim"]
[Result "0-1"]
[BlackElo "2373"]
[WhiteElo "2180"]
[LiveChessVersion "1.4.8"]

1. d4 {[%clk 0:15:18]} d5 {[%clk 0:15:16]} 2. c4 {[%clk 0:15:26]} dxc4
{[%clk 0:15:21]} 3. Nf3 {[%clk 0:15:32]} Nf6 {[%clk 0:15:28]} 4. e3
{[%clk 0:15:40]} a6 {[%clk 0:15:36]} 5. Bxc4 {[%clk 0:15:47]} e6 {[%clk 0:15:40]}
6. O-O {[%clk 0:15:52]} b5 {[%clk 0:15:44]} 7. Bd3 {[%clk 0:15:03]} Bb7
{[%clk 0:15:52]} 8. a4 {[%clk 0:14:52]} b4 {[%clk 0:16:00]} 9. Qe2
{[%clk 0:14:44]} Nbd7 {[%clk 0:16:02]} 10. e4 {[%clk 0:13:51]} Be7
{[%clk 0:15:23]} 11. Bg5 {[%clk 0:12:40]} c5 {[%clk 0:15:06]} 12. Nbd2
{[%clk 0:12:12]} cxd4 {[%clk 0:14:53]} 13. Nc4 {[%clk 0:10:12]} O-O
{[%clk 0:13:47]} 14. e5 {[%clk 0:09:01]} Nd5 {[%clk 0:13:45]} 15. Qe4
{[%clk 0:08:59]} g6 {[%clk 0:13:53]} 16. Qh4 {[%clk 0:07:58]} Nc5
{[%clk 0:09:26]} 17. Rad1 {[%clk 0:07:00]} f6 {[%clk 0:09:35]} 18. exf6
{[%clk 0:05:56]} Bxf6 {[%clk 0:09:44]} 19. Nce5 {[%clk 0:05:04]} Qe7
{[%clk 0:06:40]} 20. Bxf6 {[%clk 0:01:36]} Rxf6 {[%clk 0:06:21]} 21. Bc4
{[%clk 0:01:19]} Qg7 {[%clk 0:03:37]} 22. Rxd4 {[%clk 0:01:08]} a5
{[%clk 0:02:36]} 23. Rfd1 {[%clk 0:01:03]} Kh8 {[%clk 0:02:13]} 24. Ng5
{[%clk 0:00:53]} Raf8 {[%clk 0:02:18]} 25. Ngf7+ {[%clk 0:00:16]} R6xf7
{[%clk 0:02:09]} 26. Nxf7+ {[%clk 0:00:23]} Qxf7 {[%clk 0:02:13]} 27. Bxd5
{[%clk 0:00:00]} 0-1